000 00555nam a2200169Ia 4500
008 090201s9999 xx 000 0 und d
010 _aKPL-73811
040 _bमराठी
041 _aमराठी
082 _a54306
_b73811
100 _aनयनतारा देसाई
245 _aनातिचरामि
_cनयनतारा देसाई
260 _c2007
_bनंदादीप बुक सर्व्हिसेस्
300 _a192
_bलहान
600 _aनातिचरामि
942 _cBOOK
999 _c250646
_d250646